000 01654nam0a2200361 4500
001 RU\NLR\bibl\545567
005 20260408181438.0
021 _aRU
_b2004-39656
_91972
035 _a(NLR Aleph) 000537779
090 _a1393670
_c1393670
100 _a20040818d2003 k y0rusy50 ca
101 0 _arus
102 _aRU
105 _ay |||||||||
200 1 _aПрименение функционального анализа в теории приближений
_eСб. науч. тр.
_fМ-во образования Рос. Федерации, Твер. гос. ун-т
_g[Редкол.:... д.ф.-м.н., проф. В.Г. Шеретов (отв. ред.), д.ф.-м.н., проф. Ю.В. Шеретов]
210 _aТверь
_cТвер. гос. ун-т
_d2003
215 _a203, [1] с.
_d20
320 _aБиблиогр. в конце тр.
606 0 _aАппроксимация
_jСборники
_xТеория
_92268890
_3RU\NLR\auth\661359982
606 0 _aФункциональный анализ
_jСборники
_91128388
_3RU\NLR\auth\66128459
606 _aПриближения (мат.)
_xТеория
_jСборники
_3RU\NLR\auth\66941753
_92042708
686 _aВ161.49я43
686 _aВ162я43
702 1 _aШеретов
_bВ. Г.
_gВладимир Григорьевич
_4340
712 0 2 _4570
_aТверской государственный университет
_3RU\NLR\AUTH\881533
_9273366
801 0 _aRU
_bNLR
_c20040818
_gPSBO
801 1 _aRU
_bNLR
_c20040818
830 _aРед. раскрыт по ЭК
942 _cBOOK
980 _aNB
980 _aNBR